00669nam a2200181 i 450000100060000000300090000600500170001500700030003200800410003510000280007624501080010426000430021230000330025570000280028885200320031699900170034895201220036579347ES-MaACL20230906173946.0t|041021s1972 sp ||||1| spa d1 aHermet, Aleramo.96274810aCómo contentar al presidente y cómo sobrevivirle / cpor Aleramo Hermet ; traductor Javier Elías. aMadrid : bIbérico Europea, c[1972] a110 p., 1 lám.- ; c21 cm.1 aElías, Javier.946962 aES-MaACLjC-47891 bR.84526 c79347d79347 00104070aATENEOMbATENEOMcDEPO2d2008-01-17eSCl0oC-47891p1082974r2023-02-23 00:00:00w2023-02-23yMONOGRAFIA